00366nam a2200133Ia 450000500170000000800410001702000150005808200150007324500330008826000530012130000130017465000190018770000260020620250526023114.0240331s9999 xx 000 0 und d a9559161237 a302.2bWIC 0aJanavargika pravurthi kalawa bSri Lanka Environmental Jouranalists Forumc2001 a220 p ., aEthnic reports aWickramaratne, Deedt